00424nam a2200145Ia 4500008004100000020001500041041001200056082001100068100001800079245011200097260003600209300000800245650000700253700001800260221030s9999 xx 000 0 und d a8121924405 aEnglish a105.23 aB. L. Theraja 2aA Text Book of Electrical Technology Vol. I - Basic Electrical Engineeringcby B. L. Theraja, A. K. Theraja bS. Chand & Co.aNew Delhic2010 a864 aEE aA. K. Theraja